|
|
|
|
| LEADER |
00000nkm a2200000 a 4500 |
| 001 |
vtls010840778 |
| 003 |
SK-MaSNL |
| 005 |
20260512122754.0 |
| 007 |
kp bo |
| 008 |
231214n xx g 00 kuslo |
| 015 |
|
|
|a SNBG
|
| 035 |
|
|
|a 39778D85-18FD-49D4-8BB7-293A202AC65E
|
| 035 |
|
|
|a urn:nbn:sk:snk-kmy0hc
|
| 035 |
|
|
|a urn:nbn:sk:snk-km007x0v
|
| 040 |
|
|
|a SNK
|b slo
|c SNK
|e AACR2
|
| 041 |
0 |
|
|a slo
|
| 043 |
|
|
|a e-xo---
|
| 044 |
|
|
|a xx
|
| 080 |
|
|
|a 911.2(23.0)
|2 2001
|
| 080 |
|
|
|a 913(437.6-191.2)
|2 2001
|
| 080 |
|
|
|a (084.121)
|2 2001
|
| 100 |
1 |
|
|a Sitenský, Ladislav,
|d 1919-2009
|4 pht
|9 133652
|
| 245 |
1 |
0 |
|a Vysoké Tatry
|h grafika
|b pohľad od Štrbského plesa (1350 m) na sever : vľavo Štrbský štít (2385 m) : hrebeň Bášt s Patriou (2203 m) : Vysoká (2560 m) : Končistá (2535 m)
|c Foto Ladislav Sitenský
|
| 260 |
|
|
|a [s.l.]
|b VPL
|c [s.a.]
|
| 300 |
|
|
|a 1 pohľadnica
|b čiernobiela
|c 11 x 15 cm
|
| 650 |
0 |
7 |
|a horské masívy
|2 SNKPH
|9 115560
|
| 651 |
|
7 |
|a Vysoké Tatry (Poľsko a Slovensko : pohorie)
|2 SNKPHgeo
|9 67729
|
| 651 |
|
7 |
|a Štrbský štít (Vysoké Tatry, Slovensko)
|2 SNKPH
|9 55707
|
| 651 |
|
7 |
|a Malá Bašta (Vysoké Tatry, Slovensko : štít)
|2 SNK
|9 160611
|
| 655 |
|
7 |
|a miestne pohľadnice
|2 SNKPH
|9 70510
|
| 852 |
|
|
|a Slovenská národná knižnica
|
| 958 |
|
|
|a GC
|
| 958 |
|
|
|a GBN
|
| 958 |
|
|
|a OND
|
| 999 |
|
|
|c 671149
|d 673079
|
| 952 |
|
|
|a SNK
|b SNK
|y PREZ
|7 0
|p 17A1078742
|o snkSP 1169
|0 0
|1 0
|4 0
|d 2015-08-10
|f 1
|l 0
|r 2026-02-23 19:26:11
|w 2026-02-23
|